Habemus Papam = Habemus Papam /
Tras el anunciado de la elección de un nuevo papa, éste se niega a salir al balcón que da a la Plaza de San Pedro en un aparente ataque de pánico. Desconcertados, los cardenales llaman a un afamado psicoanalista para que atienda la depresión del pontífice, porque mientras él no salga a saludar a la...
保存先:
| 第一著者: | |
|---|---|
| その他の著者: | , , , , , , , , |
| フォーマット: | |
| 言語: | イタリア語 |
| 主題: | |
| タグ: |
タグなし, このレコードへの初めてのタグを付けませんか!
|
MARC
| LEADER | 00000ngm^a2200000^a^4500 | ||
|---|---|---|---|
| 001 | 000329197 | ||
| 005 | 20250521000000.0 | ||
| 009 | 20260310113928.223 | ||
| 037 | |a Acervo ITESO - Biblioteca | ||
| 041 | |a ITA | ||
| 082 | |a 850. |b MOR | ||
| 100 | |a Moretti, Nanni |e (realización) | ||
| 240 | 1 | 1 | |a [Habemus Papam] |
| 245 | 1 | 0 | |a Habemus Papam = |b Habemus Papam / |c Realización de N. Moretti. |
| 264 | 2 | |a México : |b Zima Entertainment [distribución], |c copyright fecha no identificada | |
| 300 | |a 1 DVD regiones 1 y 4 |c (105 min.) | ||
| 336 | |a imagen móvil bidimensional |b tdi |2 rdacontenido | ||
| 337 | |a video |b v |2 rdamedio | ||
| 338 | |a videodisco |b vd |2 rdasoporte | ||
| 520 | |a Tras el anunciado de la elección de un nuevo papa, éste se niega a salir al balcón que da a la Plaza de San Pedro en un aparente ataque de pánico. Desconcertados, los cardenales llaman a un afamado psicoanalista para que atienda la depresión del pontífice, porque mientras él no salga a saludar a la multitud, no se podrá dar por concluido el cónclave. | ||
| 546 | |a En italiano, con subtítulos opcionales: español | ||
| 586 | |a Premio David di Donatello, de la Academia Italiana de Cine (57°: 2012): Mejor Película (finalista) | ||
| 586 | |a Premio David di Donatello, de la Academia Italiana de Cine (57°: 2012): Mejor Dirección (finalista: Nanni Moretti) | ||
| 586 | |a Premio Cóndor de Plata, de la Asociación de Cronistas Cinematográficos de Argentina (60°: 2012): Mejor Película Extranjera en Lengua No Hispana (finalista) | ||
| 649 | |a XX | ||
| 650 | |a Papas en el Cine | ||
| 650 | |a Papas - |x Elección - |x Tema Principal | ||
| 650 | |a Iglesia Católica - |x Cónclaves - |x Tema Principal | ||
| 650 | |a Iglesia Católica - |x Historia - |y Siglo XXI | ||
| 650 | |a Sátira | ||
| 650 | |a Comedias Cinematográficas | ||
| 650 | |a Cine Italiano - |y 2010-2019 | ||
| 650 | |a Cine Italiano - |y Siglo XXI | ||
| 650 | |a Catolicismo | ||
| 650 | |a Cristianismo | ||
| 650 | |a Ataque de Pánico | ||
| 650 | |a Ansiedad | ||
| 650 | |a Depresión | ||
| 650 | |a Fe | ||
| 650 | |a Psicoanálisis y Religión | ||
| 700 | |a Moretti, Nanni |e (guión) | ||
| 700 | |a Piccolo, Francesco |e (guión) | ||
| 700 | |a Pontremoli, Federica |e (guión) | ||
| 700 | |a Pesci, Alessandro |e (fotógrafo) | ||
| 700 | |a Calabria, Esmeralda |e (montaje) | ||
| 700 | |a Piersanti, Franco |e (música) | ||
| 700 | |a Piccoli, Michel |e (actuación) | ||
| 700 | |a Scarpa, Renato |e (actuación) | ||
| 700 | |a Moretti, Nanni |e (actuación) | ||
| 910 | |a Fondo General | ||
| 920 | |a Audiovisuales - DVDs | ||
| 940 | |a Películas | ||
| 905 | |a 302 | ||
| 901 | |a 0500085105 |b IT2 |c DVS |i C135824 |u 20250521 | ||
| 902 | |a https://opac.biblio.iteso.mx/vufind/Record/000329197 | ||